Yo y mi hermana Clara / (Registro nro. 9464)

Detalles MARC
000 -LEADER
fixed length control field 00815nam a2200265 4500
001 - CONTROL NUMBER
control field 000756
003 - CONTROL NUMBER IDENTIFIER
control field DO-SdBNP
005 - DATE AND TIME OF LATEST TRANSACTION
control field 20160331084002.0
007 - PHYSICAL DESCRIPTION FIXED FIELD--GENERAL INFORMATION
fixed length control field 000756
008 - FIXED-LENGTH DATA ELEMENTS--GENERAL INFORMATION
fixed length control field 1603311990 ck ||||| |||| 00| 0 spa d
020 ## - INTERNATIONAL STANDARD BOOK NUMBER
International Standard Book Number 9580412162
040 ## - CATALOGING SOURCE
Original cataloging agency BPMSU
Language of cataloging spa
Transcribing agency BPMSU
082 ## - DEWEY DECIMAL CLASSIFICATION NUMBER
Edition number
100 ## - MAIN ENTRY--PERSONAL NAME
Relator code Inkiow, Dimiter.
245 ## - TITLE STATEMENT
Title Yo y mi hermana Clara /
Statement of responsibility, etc. Dimiter Inkiow ; traducción de Federico Schopf ; ilustraciones de Traudl y Walter Reiner.
260 ## - PUBLICATION, DISTRIBUTION, ETC. (IMPRINT)
Place of publication, distribution, etc. Bogotá :
Name of publisher, distributor, etc. Grupo Editorial Norma
Date of publication, distribution, etc. 1990
300 ## - PHYSICAL DESCRIPTION
Extent 103 p. :
Other physical details il.
Dimensions 19 cm.
490 ## - SERIES STATEMENT
Series statement Torre de papel.
-- Torre roja
700 ## - ADDED ENTRY--PERSONAL NAME
Personal name Schopf,Federico
Relator term tr.
700 ## - ADDED ENTRY--PERSONAL NAME
Personal name Reiner, Traudl,
Relator term il.
700 ## - ADDED ENTRY--PERSONAL NAME
Personal name Pizano, Catalina,
Relator term ed.
830 ## - SERIES ADDED ENTRY--UNIFORM TITLE
Uniform title Torre de papel.
Name of part/section of a work Torre roja
942 ## - ADDED ENTRY ELEMENTS (KOHA)
Source of classification or shelving scheme Dewey Decimal Classification
Koha item type Libros
956 ## - LOCAL ELECTRONIC LOCATION AND ACCESS (OCLC)
Access method VMATEO
Materials specified 10
Linkage 20160331
Field link and sequence number BPMSU
Host name 0069
Existencias
Withdrawn status Lost status Source of classification or shelving scheme Damaged status Not for loan Collection code Home library Current library Date acquired Source of acquisition Total Checkouts Barcode Date last seen Price effective from Koha item type
    Dewey Decimal Classification       Biblioteca Pública Metropolitana Salomé Ureña Biblioteca Pública Metropolitana Salomé Ureña 03/31/2016 FUNDI   BPMET16030352 03/31/2016 03/31/2016 Libros